|
|
|
|
| LEADER |
00000nam2a2200000 4500 |
| 001 |
87357 |
| 005 |
20231101213534.0 |
| 010 |
|
|
|a 9785902758273
|
| 035 |
|
|
|a (RuTPU)RU\TPU\book\93788
|
| 090 |
|
|
|a 87357
|
| 100 |
|
|
|a 20051207d2006 k y0rusy50 ca
|
| 101 |
1 |
|
|a rus
|c eng
|
| 102 |
|
|
|a RU
|
| 105 |
|
|
|a ac z 001zd
|
| 200 |
0 |
|
|a Т. 7 : 1975-1978
|
| 210 |
|
|
|d 2006
|
| 215 |
|
|
|a 469 с.
|
| 320 |
|
|
|a Библиогр. в конце докл.
|
| 461 |
|
1 |
|0 (RuTPU)RU\TPU\book\132366
|y 5-902758-01-7
|t Нобелевская премия. Физика
|v Т. 7 : 1975-1978
|d 2006
|s Нобелевские лекции - 100 лет
|
| 600 |
|
1 |
|a Бор
|b О.
|c датский физик
|c нобелевский лауреат
|f 1922-
|g Оге
|2 stltpush
|3 (RuTPU)RU\TPU\pers\21128
|9 8776
|
| 600 |
|
1 |
|a Моттельсон
|b Б.
|c американский физик
|c нобелевский лауреат
|f 1926-
|g Бенджамин
|2 stltpush
|3 (RuTPU)RU\TPU\pers\21129
|9 8777
|
| 600 |
|
1 |
|a Рейнуотер
|b Дж.
|c американский физик
|c нобелевский лауреат
|f 1917-1986
|g Джеймс
|2 stltpush
|3 (RuTPU)RU\TPU\pers\21130
|9 8778
|
| 600 |
|
1 |
|a Рихтер
|b Б.
|c американский физик
|c нобелевский лауреат
|f 1931-
|g Бертон
|2 stltpush
|3 (RuTPU)RU\TPU\pers\21131
|9 8779
|
| 600 |
|
1 |
|a Тинг
|b С.
|c американский физик
|c нобелевский лауреат
|f 1936-
|g Сэмюэл
|2 stltpush
|3 (RuTPU)RU\TPU\pers\21132
|9 8780
|
| 600 |
|
1 |
|a Андерсон
|b Ф.
|c американский физик
|c нобелевский лауреат
|f 1923-
|g Филип
|2 stltpush
|3 (RuTPU)RU\TPU\pers\21133
|9 8781
|
| 600 |
|
1 |
|a Мотт
|b Н.
|c английский физик
|c нобелевский лауреат
|f 1905-1996
|g Невилл
|2 stltpush
|3 (RuTPU)RU\TPU\pers\21134
|9 8782
|
| 600 |
|
1 |
|a Ван Флек
|b Дж. Х.
|c американский физик
|c нобелевский лауреат
|f 1899-1980
|g Джон Хазбрук
|2 stltpush
|3 (RuTPU)RU\TPU\pers\21135
|9 8783
|
| 600 |
|
1 |
|a Капица
|g Петр Леонидович
|c российский физик
|f 1894-1984
|b П. Л.
|c нобелевский лауреат
|2 stltpush
|3 (RuTPU)RU\TPU\pers\1097
|
| 600 |
|
1 |
|a Пензиас
|b А. А.
|c американский радиофизик и астрофизик
|c нобелевский лауреат
|f 1933-
|g Арно Аллан
|2 stltpush
|3 (RuTPU)RU\TPU\pers\21136
|9 8784
|
| 600 |
|
1 |
|a Вильсон
|g Роберт Вудро
|b Р. В.
|c американский радиоастроном
|f 1936-
|c нобелевский лауреат
|2 stltpush
|3 (RuTPU)RU\TPU\pers\930
|
| 610 |
1 |
|
|a физика
|
| 610 |
1 |
|
|a физики
|
| 610 |
1 |
|
|a ученые
|
| 610 |
1 |
|
|a ученые звания
|
| 610 |
1 |
|
|a Нобелевская премия
|
| 610 |
1 |
|
|a Нобелевские лауреаты
|
| 610 |
1 |
|
|a Нобелевские премии по физике
|
| 610 |
1 |
|
|a Нобелевские лекции
|
| 610 |
1 |
|
|a история
|
| 610 |
1 |
|
|a 20 век
|
| 610 |
1 |
|
|a биографии
|
| 610 |
1 |
|
|a автобиографии
|
| 675 |
|
|
|a 53
|v 3
|
| 686 |
|
|
|a Ч216(0)27
|v LBC/SL-A
|2 rubbk
|
| 801 |
|
1 |
|a RU
|b 63413507
|c 20051207
|g PSBO
|
| 801 |
|
2 |
|a RU
|b 63413507
|c 20221206
|g PSBO
|
| 942 |
|
|
|c BK
|